| 000 | 00539cam a2200205 i 4500 | ||
|---|---|---|---|
| 001 | 123050 | ||
| 005 | 20230404125641.0 | ||
| 008 | 160830s2006 es a r 000 0 spa d | ||
| 020 | _a9789992391518 | ||
| 020 | _a9992391510 | ||
| 041 | 0 | _aspa | |
| 050 | 1 | 4 | _aCD F |
| 100 | 1 | _aHandal, Schafik. | |
| 245 | 1 | 3 |
_aEl Che y América Latina / _cSchafik Handal. |
| 260 |
_aSan Salvador : _bInstituto Schafik Handal, _c2006 |
||
| 300 |
_a27 p. : _bill. ; _c22 cm. |
||
| 600 | 1 | 0 |
_aGuevara, Ernesto, _d1928-1967 |
| 942 |
_2lcc _ccd |
||
| 946 | _aJaaM | ||
| 999 |
_c1875 _d1875 |
||